[Event "EU-chT Seniors 65"]
[Site "Swidnica"]
[Date "2023.07.15"]
[Round "4.1"]
[White "Dory, Jeno"]
[Black "Petran, Peter"]
[Result "1/2-1/2"]
[WhiteElo "2152"]
[BlackElo "2189"]
[PlyCount "56"]
[EventDate "2023.07.12"]
[EventType "team-swiss"]
[EventRounds "9"]
[EventCountry "POL"]
[SourceTitle "CBM 215 Extra"]
[Source "ChessBase"]
[SourceDate "2023.09.30"]
[SourceVersion "1"]
[SourceVersionDate "2023.09.30"]
[SourceQuality "1"]
[WhiteTeam "Hungary 65"]
[BlackTeam "Slovakia 65"]
[WhiteTeamCountry "HUN"]
[BlackTeamCountry "SVK"]

1. e4 c6 2. d4 d5 3. exd5 cxd5 4. c4 Nf6 5. Nc3 g6 6. cxd5 Nxd5 7. Qb3 Nb6 8. Bb5+ Bd7 9. Nf3 Bg7 10. 0-0 0-0 11. Bxd7 Qxd7 12. Bg5 Nc6 13. d5 Ne5 14. Nxe5 Bxe5 15. Rad1 Rfe8 16. Rfe1 Bxc3 17. bxc3 Nc8 18. Re3 Nd6 19. Rde1 Nf5 20. Re4 h6 21. Bf4 b5 22. a4 a6 23. axb5 axb5 24. h3 Rac8 25. g4 Nd6 26. Bxd6 exd6 27. Rxe8+ Rxe8 28. Rxe8+ Qxe8 1/2-1/2

[Event "HUN-chT 2223"]
[Site "Hungary"]
[Date "2022.12.18"]
[Round "3.6"]
[White "Pap, Gyula"]
[Black "Dory, Jeno"]
[Result "1-0"]
[WhiteElo "2425"]
[BlackElo "2171"]
[PlyCount "63"]
[EventDate "2022.11.20"]
[EventType "team-tourn"]
[EventRounds "9"]
[EventCountry "HUN"]
[SourceTitle "CBM 213 Extra"]
[Source "ChessBase"]
[SourceDate "2023.05.31"]
[SourceVersion "1"]
[SourceVersionDate "2023.05.31"]
[SourceQuality "1"]
[WhiteTeam "Kobanya Aquarena"]
[BlackTeam "Hetenyi Geza"]
[WhiteTeamCountry "HUN"]
[BlackTeamCountry "HUN"]

1. g3 c5 2. Bg2 Nc6 3. Nf3 g6 4. c3 Bg7 5. d4 cxd4 6. cxd4 d5 7. Nc3 e6 8. h4 Nf6 9. Bg5 h6 10. Bf4 Ne4 11. 0-0 Nxc3 12. bxc3 0-0 13. Qc1 Kh7 14. Qc2 f5 15. c4 dxc4 16. Qxc4 Bd7 17. Bd6 Re8 18. h5 gxh5 19. e4 Rc8 20. Qd3 Ne7 21. Nh4 Bb5 22. Qxb5 Qxd6 23. Rad1 Bxd4 24. exf5 e5 25. Be4 Kg7 26. Qxb7 Rb8 27. Qxa7 Red8 28. Qa5 Rb2 29. Kh1 Ng8 30. f6+ Kxf6 31. Nf5 Qe6 32. Qxd8+ 1-0

[Event "HUN-chT 2223"]
[Site "Hungary"]
[Date "2022.12.04"]
[Round "2.7"]
[White "Fogarasi, Tibor"]
[Black "Dory, Jeno"]
[Result "1-0"]
[WhiteElo "2325"]
[BlackElo "2171"]
[PlyCount "63"]
[EventDate "2022.11.20"]
[EventType "team-tourn"]
[EventRounds "9"]
[EventCountry "HUN"]
[SourceTitle "CBM 211 Extra"]
[Source "ChessBase"]
[SourceDate "2023.01.31"]
[SourceVersion "1"]
[SourceVersionDate "2023.01.31"]
[SourceQuality "1"]
[WhiteTeam "Biatorbagy"]
[BlackTeam "Hetenyi Geza"]
[WhiteTeamCountry "HUN"]
[BlackTeamCountry "HUN"]

1. e4 c5 2. Nf3 g6 3. d4 cxd4 4. Nxd4 Bg7 5. c4 Nc6 6. Be3 Nf6 7. Nc3 d6 8. Be2 Bd7 9. Nc2 0-0 10. 0-0 a5 11. f3 a4 12. Na3 Qa5 13. Qd2 Be6 14. Rfd1 Nd7 15. Rac1 Nc5 16. Nab5 Rfc8 17. Bf1 Ne5 18. Nd5 Qd8 19. Nd4 Bd7 20. Bg5 f6 21. Be3 Ra6 22. b4 axb3 23. axb3 Rca8 24. b4 Ra2 25. Qe1 Ne6 26. c5 Nxd4 27. Bxd4 Ba4 28. cxd6 exd6 29. Bxe5 fxe5 30. Rd2 Bb3 31. Rxa2 Rxa2 32. Rc8 1-0

[Event "WchT Seniors 65"]
[Site "Prague"]
[Date "2020.03.06"]
[Round "1.8"]
[White "Dory, Jeno"]
[Black "Chubar, Vladimir"]
[Result "1/2-1/2"]
[WhiteElo "2170"]
[BlackElo "1991"]
[PlyCount "60"]
[EventDate "2020.03.06"]
[EventType "team-swiss"]
[EventRounds "7"]
[EventCountry "CZE"]
[SourceTitle "CBM 195 Extra"]
[Source "ChessBase"]
[SourceDate "2020.05.31"]
[SourceVersion "1"]
[SourceVersionDate "2020.05.31"]
[SourceQuality "1"]
[WhiteTeam "Hungary 65"]
[BlackTeam "Ukraine 65"]
[WhiteTeamCountry "HUN"]
[BlackTeamCountry "UKR"]

1. e4 e6 2. d4 d5 3. Nd2 dxe4 4. Nxe4 Bd7 5. Nf3 Bc6 6. Bd3 Nd7 7. 0-0 Be7 8. Qe2 Ngf6 9. c3 Nxe4 10. Bxe4 Bxe4 11. Qxe4 c6 12. Re1 0-0 13. h3 Qb6 14. Qe2 Bf6 15. Be3 Qa5 16. Nd2 Rfe8 17. Nc4 Qa6 18. Nd6 Qxe2 19. Rxe2 Reb8 20. Bf4 a5 21. Ne4 Rd8 22. Nxf6+ Nxf6 23. Bg5 Rd5 24. Bxf6 gxf6 25. Kf1 Rad8 26. Ke1 b5 27. Rd1 c5 28. Red2 cxd4 29. Rxd4 Rxd4 30. cxd4 Rd5 1/2-1/2

[Event "HUN-chT2 Charousek 1819"]
[Site "Hungary"]
[Date "2019.03.10"]
[Round "9.4"]
[White "Dory, Jeno"]
[Black "Jakab, Attila"]
[Result "0-1"]
[WhiteElo "2218"]
[BlackElo "2368"]
[PlyCount "142"]
[EventDate "2018.09.23"]
[EventType "team-tourn"]
[EventRounds "11"]
[EventCountry "HUN"]
[SourceTitle "EXT 2021"]
[Source "ChessBase"]
[SourceDate "2020.10.23"]
[SourceVersion "1"]
[SourceVersionDate "2020.10.23"]
[SourceQuality "1"]
[WhiteTeam "Budapest HUSI"]
[BlackTeam "Ajka Banyasz"]
[WhiteTeamCountry "HUN"]
[BlackTeamCountry "HUN"]

1. e4 c5 2. c3 Nf6 3. e5 Nd5 4. d4 cxd4 5. Nf3 e6 6. cxd4 d6 7. Bc4 Be7 8. 0-0 0-0 9. Bd2 Nb6 10. Bb3 dxe5 11. dxe5 Bd7 12. Nc3 Bc6 13. Bf4 Qxd1 14. Bxd1 Rd8 15. Be2 Na6 16. Rac1 Nc5 17. Rfd1 Rxd1+ 18. Rxd1 Nca4 19. Nxa4 Nxa4 20. Rd2 Bd5 21. Bd1 Nc5 22. b3 a5 23. Be3 b5 24. Rc2 Nd3 25. Rd2 Nb4 26. Nd4 a4 27. bxa4 bxa4 28. a3 Nc6 29. Nxc6 Bxc6 30. Rc2 Rd8 31. Bf3 Bxf3 32. gxf3 Bxa3 33. Ra2 Rd3 34. Rc2 h6 35. Rc4 Bb2 36. Rxa4 Bxe5 37. Ra7 g5 38. Kg2 Kg7 39. Ra4 Kg6 40. h3 Rb3 41. f4 Bd6 42. Rc4 Rb4 43. Rxb4 Bxb4 44. Kf3 Kf5 45. fxg5 hxg5 46. Bb6 Bd6 47. Kg2 Ke4 48. Bd8 Kf4 49. f3 Be5 50. Ba5 Bf6 51. Bd2+ Ke5 52. Kg3 Kf5 53. Kg2 Bd8 54. Be3 Ke5 55. Ba7 Kd5 56. Kf2 f6 57. Be3 e5 58. Ba7 Ba5 59. Kg3 Be1+ 60. Kg4 Ke6 61. Be3 Bh4 62. Kh5 Kf5 63. Bc1 Bg3 64. Bd2 Bf2 65. Bc1 Bh4 66. Bd2 e4 67. f4 e3 68. Bxe3 gxf4 69. Bc5 Be1 70. Kh6 f3 71. h4 Bxh4 0-1

[Event "HUN-chT 1516"]
[Site "Hungary"]
[Date "2016.04.16"]
[Round "8.11"]
[White "Dory, Jeno"]
[Black "Vicsai, Gabor"]
[Result "1/2-1/2"]
[WhiteElo "2287"]
[BlackElo "2260"]
[PlyCount "71"]
[EventDate "2015.11.07"]
[EventType "team-tourn"]
[EventRounds "11"]
[EventCountry "HUN"]
[SourceTitle "CBM 171 Extra"]
[Source "ChessBase"]
[SourceDate "2016.04.26"]
[SourceVersion "1"]
[SourceVersionDate "2016.04.26"]
[SourceQuality "1"]
[WhiteTeam "Dunaharaszti"]
[BlackTeam "Kobanya Aquarena"]
[WhiteTeamCountry "HUN"]
[BlackTeamCountry "HUN"]

1. e4 c5 2. c3 Nf6 3. e5 Nd5 4. d4 cxd4 5. Nf3 Nc6 6. cxd4 d6 7. Bc4 Nb6 8. Bb5 dxe5 9. Nxe5 Bd7 10. Bxc6 Bxc6 11. Nxc6 bxc6 12. Be3 e6 13. 0-0 Be7 14. Nd2 Nd5 15. Rc1 Nxe3 16. fxe3 Qd5 17. Qf3 0-0 18. Rxc6 Qxa2 19. Rc7 Rae8 20. Qb7 Rb8 21. Qxa7 Rxb2 22. Qxa2 Rxa2 23. Ne4 Bd8 24. Rd7 Rc2 25. Rb1 Rc7 26. Rb7 Rxb7 27. Rxb7 f5 28. Nc5 Re8 29. Kf2 Bf6 30. Kf3 Kf8 31. h3 Re7 32. Rb6 Kf7 33. g4 g6 34. gxf5 gxf5 35. Kf4 h6 36. Kf3 1/2-1/2

[Event "HUN-chT 1314"]
[Site "Hungary"]
[Date "2014.03.23"]
[Round "7"]
[White "Dory, Jeno"]
[Black "Karolyi, Tibor Jr"]
[Result "1/2-1/2"]
[WhiteElo "2288"]
[BlackElo "2335"]
[PlyCount "47"]
[EventDate "2013.09.08"]
[EventType "team-tourn"]
[EventRounds "9"]
[EventCountry "HUN"]
[SourceTitle "EXT 2015"]
[Source "ChessBase"]
[SourceDate "2014.11.20"]
[SourceVersion "1"]
[SourceVersionDate "2014.11.20"]
[SourceQuality "1"]
[WhiteTeam "Dunaharaszti"]
[BlackTeam "MLTC"]
[WhiteTeamCountry "HUN"]
[BlackTeamCountry "HUN"]

1. e4 e5 2. Nf3 Nf6 3. Nxe5 d6 4. Nf3 Nxe4 5. Qe2 Qe7 6. d3 Nf6 7. Nc3 c6 8. Bg5 Qxe2+ 9. Bxe2 Be7 10. 0-0 h6 11. Bd2 Bf5 12. h3 Na6 13. Rfe1 Nc7 14. Nd4 Bd7 15. Bf3 Ne6 16. Nxe6 Bxe6 17. d4 d5 18. Bf4 Kd7 19. Re2 Bd6 20. Bxd6 Kxd6 21. Rae1 Rae8 22. a3 Bc8 23. Rxe8 Rxe8 24. Rxe8 1/2-1/2

[Event "HUN-chT 1314"]
[Site "Hungary"]
[Date "2014.03.02"]
[Round "6"]
[White "Juhasz, Barbara"]
[Black "Dory, Jeno"]
[Result "1/2-1/2"]
[WhiteElo "2169"]
[BlackElo "2288"]
[PlyCount "65"]
[EventDate "2013.09.08"]
[EventType "team-tourn"]
[EventRounds "9"]
[EventCountry "HUN"]
[SourceTitle "EXT 2015"]
[Source "ChessBase"]
[SourceDate "2014.11.20"]
[SourceVersion "1"]
[SourceVersionDate "2014.11.20"]
[SourceQuality "1"]
[WhiteTeam "Mako"]
[BlackTeam "Dunaharaszti"]
[WhiteTeamCountry "HUN"]
[BlackTeamCountry "HUN"]

1. e4 c5 2. Nf3 Nc6 3. Bb5 g6 4. d3 Bg7 5. 0-0 Nd4 6. Nxd4 cxd4 7. Bc4 e6 8. f4 Ne7 9. Bb3 0-0 10. Nd2 d5 11. Qe2 a5 12. a4 Nc6 13. exd5 exd5 14. Nf3 Qd6 15. Qf2 Be6 16. Bd2 b6 17. Qh4 Ne7 18. g4 Rae8 19. Rae1 Bc8 20. Rf2 Nc6 21. Rfe2 Rxe2 22. Rxe2 Bd7 23. Qg5 f5 24. h3 Bf6 25. Qh6 Bg7 26. Qh4 h6 27. g5 h5 28. Qe1 Kh7 29. Kf2 Rc8 30. Qh1 Re8 31. Rxe8 Bxe8 32. Qe1 Bd7 33. Kg3 1/2-1/2

[Event "HUN-chT 1314"]
[Site "Hungary"]
[Date "2013.10.20"]
[Round "3"]
[White "Dory, Jeno"]
[Black "Juhasz, Armin"]
[Result "1/2-1/2"]
[WhiteElo "2288"]
[BlackElo "2233"]
[PlyCount "40"]
[EventDate "2013.09.08"]
[EventType "team-tourn"]
[EventRounds "9"]
[EventCountry "HUN"]
[SourceTitle "EXT 2015"]
[Source "ChessBase"]
[SourceDate "2014.11.20"]
[SourceVersion "1"]
[SourceVersionDate "2014.11.20"]
[SourceQuality "1"]
[WhiteTeam "Dunaharaszti"]
[BlackTeam "Budapest Titanok"]
[WhiteTeamCountry "HUN"]
[BlackTeamCountry "HUN"]

1. e4 c6 2. d4 d5 3. exd5 cxd5 4. c4 Nf6 5. Nc3 Nc6 6. Bg5 dxc4 7. d5 Ne5 8. Qd4 h6 9. Bf4 Ng6 10. Bxc4 Nxf4 11. Qxf4 a6 12. Rd1 Qd6 13. Qd2 b5 14. Bb3 g6 15. Nge2 Bg7 16. Ng3 0-0 17. 0-0 Bb7 18. Rfe1 Rad8 19. Nce4 Qb6 20. Nxf6+ Qxf6 1/2-1/2

[Event "HUN-chT 1213"]
[Site "Hungary"]
[Date "2012.11.18"]
[Round "4"]
[White "Lizak, Peter"]
[Black "Dory, Jeno"]
[Result "1/2-1/2"]
[WhiteElo "2428"]
[BlackElo "2278"]
[PlyCount "47"]
[EventDate "2012.09.16"]
[EventType "team-tourn"]
[EventRounds "9"]
[EventCountry "HUN"]
[SourceTitle "CBM 151 Extra"]
[Source "ChessBase"]
[SourceDate "2012.12.18"]
[SourceVersion "1"]
[SourceVersionDate "2012.12.18"]
[SourceQuality "1"]
[WhiteTeam "Paks"]
[BlackTeam "Dunaharaszti"]
[WhiteTeamCountry "HUN"]
[BlackTeamCountry "HUN"]

1. Nf3 c5 2. c4 Nc6 3. g3 g6 4. Bg2 Bg7 5. Nc3 e5 6. a3 Nge7 7. 0-0 0-0 8. Rb1 d6 9. b4 Rb8 10. d3 b6 11. e3 h6 12. Qc2 f5 13. b5 Na5 14. Ne1 Be6 15. Nd5 Nxd5 16. cxd5 Bd7 17. Bd2 Nb7 18. f4 Qe7 19. Nf3 g5 20. a4 exf4 21. exf4 g4 22. Rbe1 Qf7 23. Nh4 Rbe8 24. Rxe8 1/2-1/2

[Event "HUN-chT2 Maroczy 1011"]
[Site "Hungary"]
[Date "2010.10.24"]
[Round "4"]
[White "Glatt, Gabor"]
[Black "Dory, Jeno"]
[Result "1-0"]
[WhiteElo "2293"]
[BlackElo "2277"]
[PlyCount "68"]
[EventDate "2010.09.12"]
[EventType "team-tourn"]
[EventRounds "11"]
[EventCountry "HUN"]
[SourceTitle "EXT 2012"]
[Source "ChessBase"]
[SourceDate "2011.11.24"]
[SourceVersion "1"]
[SourceVersionDate "2011.11.24"]
[SourceQuality "1"]
[WhiteTeam "MLTC II"]
[BlackTeam "Dunaharaszti"]
[WhiteTeamCountry "HUN"]
[BlackTeamCountry "HUN"]

1. e4 c5 2. Nf3 Nc6 3. d4 cxd4 4. Nxd4 g6 5. Be3 Bg7 6. c4 Nf6 7. Nc3 d6 8. Be2 0-0 9. h3 Bd7 10. 0-0 Nxd4 11. Bxd4 Bc6 12. Qd3 a5 13. Rad1 Nd7 14. Bxg7 Kxg7 15. Qd4+ f6 16. Bg4 Nc5 17. Rfe1 h5 18. Be2 Ra6 19. Bf1 Bd7 20. f4 e5 21. Qf2 Be6 22. f5 gxf5 23. exf5 Bf7 24. Nd5 Bxd5 25. Rxd5 Kf7 26. Be2 Rh8 27. Qh4 Ke7 28. Bxh5 Kd7 29. Qg4 Qf8 30. Bg6 Qh6 31. Qf3 Kc7 32. Red1 Qh4 33. b3 Rb6 34. Qc3 Ra6 1-0